Malaysian rubber industry in the competitive mode (Record no. 62401)

MARC details
000 -LEADER
fixed length control field 00319nam a2200121Ia 4500
245 #0 - TITLE STATEMENT
Title Malaysian rubber industry in the competitive mode
260 ## - PUBLICATION, DISTRIBUTION, ETC. (IMPRINT)
Name of publisher The Rubber International
Year of publication 2013
300 ## - PHYSICAL DESCRIPTION
Number of Pages 16-19
650 ## - SUBJECT ADDED ENTRY--TOPICAL TERM
Topical Term Malaysia
650 ## - SUBJECT ADDED ENTRY--TOPICAL TERM
Topical Term Rubber industry
942 ## - ADDED ENTRY ELEMENTS (KOHA)
Koha item type Journals
Holdings
Withdrawn status Lost status Damaged status Not for loan Home library Current library Shelving location Date acquired Serial Enumeration / chronology Koha item type
      Journals RRII Library RRII Library Rubber technology 15/10/2013 Volume 15, Issue 1 Journals